1338 1521 1989 1020 1064 1978 1902 1268 1759 1912 1279 1823 1221 1223 1302 1943 1838 1013 1206 1973 1998 1609 1790 1983 1611 1918 1888 1926 1474 1202 1428 1417 1608 1092 1464 1085 1013 1360 1572 1351 1238 1072 1008 1235 1145 1257 1582 1840 1104 1004 1996 1029 1784 1813 1734 1538 1433 1097 1608 1923 1771 1326 1855 1543 1097 1527 1637 1103 1947 1776 1080 1651 1923 1954 1081 1283 1057 1204 1776 1871 1294 1967 1955 1351 1986 1580 1439 1579 1980 1892 1409 1913 1786 1378 1863 1434 1647 1087 1469 BCNSPRNW ULIB Ver.6.0+V

เปลี่ยนเป็นภาษาไทย

Change to English
 แสดงรายละเอียดบรรณานุกรม
  กลับหน้าหลัก

Brief Record : Get Marc (ISO 2709) : E-mail record : QR code < ปิดหน้าต่าง
LEADER : 00000nam 2200000uu 4500
001    13399127190
003     ULIB
008    191021s2562||||th 000 0 tha d
020 ^- ^a9786163660626
050 ^- ^aนว.^bข562น
100 0^ aขวัญใจ เอมใจ.
245 10 ^aนางฟ้าที่(แสน)รัก /^cขวัญใจ เอมใจ.
250 ^- ^aพิมพ์ครั้งที่ 1.
260 ^- ^aนนทบุรี :^bดวงตะวัน,^c2562
300 ^- ^a447 หน้า.
945    ^p350^l0^i27882
999    ^aกัณชพร จุลอักษร
รายการนี้ยังไม่มีแท็ก
คุณยังไม่ได้ล็อกอิน คุณสามารถมีกิจกรรมร่วมกับเว็บไซต์ได้ แต่ต้องล็อกอินก่อน ::
  ล็อกอิน

รายการสื่อสารสนเทศ

ลำดับที่ ประเภท เลขเรียก/บาร์โค้ด สถานที่ สถานะ
1. วิทยาศาสตร์การแพทย์ และสุขภาพ
วิทยาศาสตร์การแพทย์ และสุขภาพ
นว. ข562น ฉ.1 
  Barcode: 27882
ห้องสมุดวิทยาเขตนครสวรรค์
►นวนิยาย:l:Fiction
บนชั้น

BibComment


ยังไม่เคยถูกคอมเมนท์

คอมเมนท์ทรัพยากรรายการนี้
  คอมเมนท์: นางฟ้าที่แสนรัก ..


 Copyright 2026. Bcnsprnw @Library